| 000 | 00593nam a2200229Ia 4500 | ||
|---|---|---|---|
| 008 | 180523s9999 xx 000 0 und d | ||
| 020 | _a0-684-85716-2 | ||
| 050 | _aMAIN BF 637.S8 | ||
| 050 | _b.C68 1999 | ||
| 100 | _aCovey, Stephen R. | ||
| 245 | 0 | _aLiving the 7 habits : | |
| 245 | 4 | _bthe courage to change / | |
| 245 | 0 | _cStephen R. Covey | |
| 260 | _aNew York : | ||
| 260 | _bFireside, | ||
| 260 | _c1999 | ||
| 300 | _a312 pages : | ||
| 300 | _billustrations ; | ||
| 300 | _c22 cm. | ||
| 650 | _aSuccess -- Psychological aspects -- Case studies. | ||
| 650 | _xCharacter. | ||
| 999 |
_c356523 _d356523 |
||